<?xml version="1.0" encoding="UTF-8"?><?xml-stylesheet type="text/xsl" href="static/style.xsl"?><OAI-PMH xmlns="http://www.openarchives.org/OAI/2.0/" xmlns:xsi="http://www.w3.org/2001/XMLSchema-instance" xsi:schemaLocation="http://www.openarchives.org/OAI/2.0/ http://www.openarchives.org/OAI/2.0/OAI-PMH.xsd"><responseDate>2026-04-13T02:40:36Z</responseDate><request verb="GetRecord" identifier="oai:www.recercat.cat:2072/422414" metadataPrefix="marc">https://recercat.cat/oai/request</request><GetRecord><record><header><identifier>oai:recercat.cat:2072/422414</identifier><datestamp>2025-03-24T21:06:07Z</datestamp><setSpec>com_2072_98</setSpec><setSpec>col_2072_378196</setSpec></header><metadata><record xmlns="http://www.loc.gov/MARC21/slim" xmlns:dcterms="http://purl.org/dc/terms/" xmlns:xsi="http://www.w3.org/2001/XMLSchema-instance" xmlns:doc="http://www.lyncode.com/xoai" xsi:schemaLocation="http://www.loc.gov/MARC21/slim http://www.loc.gov/standards/marcxml/schema/MARC21slim.xsd">
   <leader>00925njm 22002777a 4500</leader>
   <datafield ind2=" " ind1=" " tag="042">
      <subfield code="a">dc</subfield>
   </datafield>
   <datafield ind2=" " ind1=" " tag="720">
      <subfield code="a">Pradenas Canales, Karen</subfield>
      <subfield code="e">author</subfield>
   </datafield>
   <datafield ind2=" " ind1=" " tag="720">
      <subfield code="a">Universitat Autònoma de Barcelona. Facultat de Filosofia i Lletres</subfield>
      <subfield code="e">author</subfield>
   </datafield>
   <datafield ind2=" " ind1=" " tag="260">
      <subfield code="c">2018</subfield>
   </datafield>
   <datafield ind2=" " ind1=" " tag="520">
      <subfield code="a">La transición energética hacia fuentes renovables conllevará mayores superficies de suelo para su implementación que las utilizadas por las energías en base a combustibles fósiles. El presente estudio analiza la problemática a partir del caso de Chile. En éste, se analizan las superficies utilizadas para la generación de electricidad en tres regiones del país, el potencial de producción y de ocupación de suelo de cada tipo de energía y, la relación entre estos dos parámetros. Los resultados, muestran que las ER utilizan superficies muy por encima que los combustibles fósiles, por lo que una mayor incorporación de ER conllevará notables desafíos en la gestión y planificación del suelo.</subfield>
   </datafield>
   <datafield ind2=" " ind1=" " tag="520">
      <subfield code="a">La transició energètica cap a fonts renovables comportarà majors superfícies de sòl per a la seva implementació que les utilitzades per les energies basades en combustibles fòssils. El present estudi analitza la problemàtica a partir del cas de Xile. En aquest, s'analitzen les superfícies utilitzades per a la generació d'electricitat en tres regions del país, el potencial de producció i d'ocupació de sòl de cada tipus d'energia i, la relació entre aquests dos paràmetres. Els resultats, mostren que les ER utilitzen superfícies molt per sobre que els combustibles fòssils, de manera que una major incorporació de ER, comportarà notables desafiaments en la gestió i planificació del sòl.</subfield>
   </datafield>
   <datafield tag="653" ind2=" " ind1=" ">
      <subfield code="a">Energies renovables Xile</subfield>
   </datafield>
   <datafield tag="653" ind2=" " ind1=" ">
      <subfield code="a">Energia elèctrica Xile</subfield>
   </datafield>
   <datafield tag="653" ind2=" " ind1=" ">
      <subfield code="a">Política energètica Xile</subfield>
   </datafield>
   <datafield tag="653" ind2=" " ind1=" ">
      <subfield code="a">Urbanisme Xile</subfield>
   </datafield>
   <datafield tag="653" ind2=" " ind1=" ">
      <subfield code="a">Sòls, Ús dels Planificació Xile</subfield>
   </datafield>
   <datafield tag="653" ind2=" " ind1=" ">
      <subfield code="a">Electricitat Xile</subfield>
   </datafield>
   <datafield tag="653" ind2=" " ind1=" ">
      <subfield code="a">Enginyeria elèctrica</subfield>
   </datafield>
   <datafield tag="653" ind2=" " ind1=" ">
      <subfield code="a">Electrotècnia</subfield>
   </datafield>
   <datafield tag="653" ind2=" " ind1=" ">
      <subfield code="a">Telecomunicacions</subfield>
   </datafield>
   <datafield ind2="0" ind1="0" tag="245">
      <subfield code="a">La Huella Territorial de la de generación de Energía Eléctrica en Chile : el caso de las regiones de Antofagasta, Metropolitana y del Biobío</subfield>
   </datafield>
</record></metadata></record></GetRecord></OAI-PMH>